[Event "3rd Chennai Open"]
[Site "Chennai IND"]
[Date "2011.01.19"]
[Round "3"]
[White "Kaushik,S"]
[Black "Mohanan,U"]
[Result "1-0"]
[WhiteElo "2154"]
[BlackElo "2010"]

1.e4 c5 2.Nf3 Nc6 3.d4 cxd4 4.Nxd4 Nf6 5.Nc3 d6 6.Bg5 e6 7.Qd2 Be7 8.O-O-O a6
9.f4 h6 10.Bxf6 gxf6 11.Be2 Qc7 12.f5 Nxd4 13.Qxd4 Qc5 14.Qd3 h5 15.Qg3 Kf8
16.Rhf1 Qe5 17.Qh4 Bd7 18.Nd5 Bc6 19.fxe6 fxe6 20.Nxf6 Bxf6 21.Rxf6+ Ke8
22.Bg4 hxg4 23.Qxh8+ Ke7 24.Qg7+ Kd8 25.Rf8+ Be8 26.Qxe5  1-0

[Event "I Antonio Rocha Mem"]
[Site "Campinas BRA"]
[Date "2011.01.20"]
[Round "8.6"]
[White "Tsuboi,E"]
[Black "Stamenkovic,Dr"]
[Result "0-1"]
[WhiteElo "2380"]
[BlackElo "2370"]

1.e4 c5 2.Nf3 Nc6 3.d4 cxd4 4.Nxd4 Nf6 5.Nc3 d6 6.Bg5 e6 7.Qd2 Be7 8.O-O-O O-O
9.f4 Nxd4 10.Qxd4 Qa5 11.Bc4 Bd7 12.e5 dxe5 13.fxe5 Bc6 14.Bd2 Nd7 15.Nd5 Qd8
16.Nxe7+ Qxe7 17.Rhe1 Nb6 18.Bf1 Rfd8 19.Qg4 Rac8 20.Bb4 Rxd1+ 21.Rxd1 Qe8
22.Qd4 Nd5 23.Bd6 Bb5 24.Qf2 Qc6 25.Bxb5 Qxb5 26.Rf1 Qd7 27.Qxa7 Qc6 28.Qf2 f5
29.Kb1 Qb5 30.Rc1 Nc3+ 31.Ka1 Ne4 32.Qe1 Rc6 33.c3 Nxd6 34.exd6 Rxd6 35.Rd1 Qe5
36.g3 Qxe1 37.Rxe1 Kf7 38.a4 Kf6 39.Re2 g5 40.b4 h5 41.Kb2 f4 42.gxf4 gxf4
43.Kc2 e5 44.Rd2 Re6 45.Kd3 e4+ 46.Ke2 Rc6 47.Rc2 Ke5 48.c4 Kd4 49.c5 f3+
50.Kf2 Kd3 51.b5 e3+  0-1

[Event "3rd Chennai Open"]
[Site "Chennai IND"]
[Date "2011.01.20"]
[Round "4"]
[White "Ganesh,Ba"]
[Black "Deepan,C"]
[Result "0-1"]
[WhiteElo "2078"]
[BlackElo "2485"]

1.e4 c5 2.Nf3 d6 3.d4 cxd4 4.Nxd4 Nf6 5.Nc3 Nc6 6.Bg5 e6 7.Qd2 a6 8.O-O-O Bd7
9.f3 b5 10.Nxc6 Bxc6 11.Qe1 Qa5 12.Kb1 Be7 13.h4 Rc8 14.g4 b4 15.Bxf6 gxf6
16.Ne2 Qb6 17.Nd4 Bd7 18.Qd2 h5 19.g5 a5 20.Bh3 Qc5 21.Rhg1 fxg5 22.hxg5 Rg8
23.g6 Bf6 24.Qf4 Ke7 25.Rg2 Rxg6 26.Nb3 Qe5 27.Qxe5 Bxe5 28.Rxg6 fxg6 29.Nxa5 Rf8
30.Bg2 g5 31.Nc4 Bf4 32.Rh1 h4 33.Bh3 d5 34.Nb6 Bc6 35.exd5 exd5 36.Rd1 Kd6
37.Nc4+ Kc5 38.Na5 Ba8 39.Nb3+ Kd6 40.Nd4 Re8 41.a3 bxa3 42.bxa3 Bb7 43.Bg4 Bc8
44.Nf5+ Kc5 45.Rd3 Rf8 46.Rc3+ Kb6 47.Ne7 Bxg4 48.Nxd5+ Ka7 49.fxg4 Rb8+
50.Ka2 Bg3 51.Nb4 Rh8 52.Rb3 h3 53.Nc6+ Ka8 54.Rb1 h2 55.Rh1 Re8 56.Nd4 Re1  0-1

[Event "3rd Chennai Open"]
[Site "Chennai IND"]
[Date "2011.01.20"]
[Round "4"]
[White "Gopalakrishnan,K"]
[Black "Sethuraman,S"]
[Result "1/2-1/2"]
[WhiteElo "2087"]
[BlackElo "2545"]

1.e4 c5 2.Nf3 d6 3.d4 cxd4 4.Nxd4 Nf6 5.Nc3 Nc6 6.Bg5 e6 7.Qd2 a6 8.O-O-O Be7
9.f4 Bd7 10.Kb1 b5 11.Nxc6 Bxc6 12.Qe1 Qc7 13.Bd3 h6 14.Bxf6 Bxf6 15.Nd5 Qd8
16.Rf1 O-O 17.Nxf6+ Qxf6 18.g4 a5 19.h4 Qe7 20.g5 h5 21.f5 exf5 22.exf5 Qxe1
23.Rdxe1 Rae8 24.Kc1 Re5 25.Kd2 Rfe8 26.Rxe5 Rxe5 27.Re1 f6 28.Rxe5 fxe5
29.a3 b4 30.axb4 axb4 31.Ke3 d5 32.c3 Kf8 33.Bc2 Ke7 34.Bd1 Be8 35.Bb3 Kd6
36.Bc2 Bd7 37.cxb4 Bc6 38.Bd1 Bd7 39.Bc2 Bb5 40.Bd3 Be8 41.Bc2 Bd7 42.Kf3 Bc6
43.Ke3 Bd7 44.Kf3 Bb5 45.Ke3 d4+ 46.Ke4 Bc6+ 47.Kd3 Bb5+ 48.Ke4 Bc6+ 49.Kd3 Bg2
50.Bd1 Bf1+ 51.Ke4 Bb5 52.Bxh5 Bc6+ 53.Kd3 Bb5+ 54.Ke4 Bc6+ 55.Kd3 Bb5+  1/2-1/2

[Event "ch-CRO"]
[Site "Marija Bistrica CRO"]
[Date "2011.01.20"]
[Round "4.2"]
[White "Brkic,A"]
[Black "Jankovic,A"]
[Result "1-0"]
[WhiteElo "2564"]
[BlackElo "2564"]

1.e4 c5 2.Nf3 Nc6 3.d4 cxd4 4.Nxd4 Nf6 5.Nc3 d6 6.Bg5 e6 7.Qd2 a6 8.O-O-O h6
9.Nxc6 bxc6 10.Bf4 d5 11.Qe3 Bb4 12.Be2 O-O 13.e5 Nh7 14.h4 Qa5 15.Rh3 Kh8
16.Rg3 Bc5 17.Qf3 Ra7 18.Qh5 f5 19.exf6 Nxf6 20.Qe5 Bb6 21.Rg6 Raf7 22.Bd3 Bc7
23.Qe3 Ng8 24.Be5 Bxe5 25.Qxe5 Qc7 26.Qxc7 Rxc7 27.f3 Rf4 28.Rh1 c5 29.b3 Ne7
30.Rg3 Kg8 31.Rgh3 Kf7 32.Re1 Nc6 33.h5 Ne7 34.Rhh1 Ke8 35.Ne2 Rf8 36.c4 Kd7
37.Rh4 Nf5 38.Rg4 Kd6 39.Nc3 d4 40.Bxf5 exf5 41.Rg6+ Rf6 42.Nd5 Rxg6 43.hxg6 Rd7
44.Re8 Bb7 45.Nf4 Re7 46.Rd8+ Kc7 47.Rg8 Bc6 48.Rxg7 Rxg7 49.Ne6+ Kd6 50.Nxg7 Bd7
51.Nh5 Ke5 52.f4+ Kd6 53.g7 Be6 54.Ng3 Ke7 55.Nxf5+ Kf7 56.Nd6+ Kxg7 57.Ne4 Kg6
58.Kd2 Kf5 59.Nxc5 Bc8 60.g3 Kg4 61.Ne4 Be6 62.Kd3 Bf5 63.Kxd4 Kf3 64.Nd6 Bd7
65.f5 Kxg3 66.f6 Be6 67.Ke4  1-0

[Event "ch-AZE"]
[Site "Baku AZE"]
[Date "2011.01.23"]
[Round "3.5"]
[White "Guseinov,G"]
[Black "Guliev,L"]
[Result "1/2-1/2"]
[WhiteElo "2591"]
[BlackElo "2464"]

1.e4 c5 2.Nf3 d6 3.d4 cxd4 4.Nxd4 Nf6 5.Nc3 Nc6 6.Bg5 e6 7.Qd2 Be7 8.O-O-O Nxd4
9.Qxd4 O-O 10.f4 Qa5 11.e5 dxe5 12.Qxe5 Qxe5 13.fxe5 Nd5 14.Bxe7 Nxe7 15.Bd3 b6
16.Be4 Rb8 17.Rhe1 Ng6 18.Bxg6 hxg6 19.Nb5 Rb7 20.Re3 f6 21.b4 Bd7 22.Nd6 Rc7
23.Rd2 g5 24.Rf2 Kh7 25.Ne4 Kg6 26.Rg3 Rcc8 27.Nd6 fxe5 28.Re2 Rc6 29.Ne4 Rf5
30.h4 Rc4 31.a3 Bc6 32.Nxg5 Kf6 33.Nh7+ Kf7 34.Ng5+ Kf6 35.Nh7+ Kf7 36.Ng5+  1/2-1/2

[Event "3rd Chennai Open"]
[Site "Chennai IND"]
[Date "2011.01.23"]
[Round "8"]
[White "Kravtsiv,M"]
[Black "Ashwin,J"]
[Result "1-0"]
[WhiteElo "2566"]
[BlackElo "2427"]

1.e4 c5 2.Nf3 d6 3.d4 cxd4 4.Nxd4 Nf6 5.Nc3 Nc6 6.Bg5 e6 7.Qd2 a6 8.O-O-O Bd7
9.f4 b5 10.Bxf6 gxf6 11.Kb1 Qb6 12.Nxc6 Bxc6 13.Bd3 b4 14.Ne2 a5 15.f5 e5
16.Ng3 h5 17.h4 Qc5 18.Qe2 a4 19.Nxh5 a3 20.Nxf6+ Ke7 21.Ng4 Qd4 22.c3 bxc3
23.Bc2 Qb6 24.b3 Ra4 25.Rde1 Qb7 26.h5 Rd4 27.h6 f6 28.Rh3 Qb4 29.Qa6 Rxe4
30.Qa7+ Kd8 31.Rxe4 Bxe4 32.Nxf6 Bc6 33.h7 Qf4 34.Rh1 Qb4 35.Rd1 Be7 36.Ng8 Bf8
37.Qf7 Be4 38.Qxf8+ Kc7 39.Qe7+ Kc8 40.Qxd6 Bxc2+ 41.Kxc2 Qe4+ 42.Kxc3 Qe3+
43.Kb4 Qe4+ 44.Kxa3 Qa8+ 45.Kb2 Qxg2+ 46.Rd2  1-0

[Event "ch-CRO"]
[Site "Marija Bistrica CRO"]
[Date "2011.01.24"]
[Round "8"]
[White "Palac,M"]
[Black "Kozul,Z"]
[Result "1-0"]
[WhiteElo "2578"]
[BlackElo "2576"]

1.e4 c5 2.Nf3 d6 3.d4 cxd4 4.Nxd4 Nf6 5.Nc3 Nc6 6.Bg5 e6 7.Qd2 a6 8.O-O-O Bd7
9.f3 b5 10.Kb1 Rc8 11.Be3 Ne5 12.a3 Be7 13.g4 O-O 14.h4 d5 15.g5 Nh5 16.exd5 Ng3
17.Bf4 Nxf1 18.Rhxf1 Nc4 19.Qh2 e5 20.Bxe5 Bxa3 21.bxa3 Nxa3+ 22.Kc1 b4 23.Nc6 Bxc6
24.dxc6 Qe8 25.Nd5 Rxc6 26.Nxb4 Rc4 27.Bd6 a5 28.Bxf8 Qe3+ 29.Rd2 axb4 30.Kd1 b3
31.Bc5 bxc2+ 32.Kc1  1-0

[Event "Oceania Zonal"]
[Site "Rotorua NZL"]
[Date "2011.01.25"]
[Round "1.17"]
[White "Tan,Ju2"]
[Black "Voon,R"]
[Result "1-0"]
[WhiteElo "2161"]
[BlackElo "1904"]

1.e4 c5 2.Nf3 Nc6 3.d4 cxd4 4.Nxd4 Nf6 5.Nc3 d6 6.Bg5 e6 7.Qd2 Be7 8.O-O-O a6
9.f4 Qc7 10.Nf3 O-O 11.Bd3 b5 12.Qe1 Bb7 13.e5 dxe5 14.fxe5 Ne8 15.Bxh7+ Kxh7
16.Qh4+ Kg6 17.Bxe7 Qxe7 18.Qg4+ Kh6 19.Qh3+ Kg6 20.Nh4+ Kg5 21.Ne4+ Kh5
22.g4+ Kh6 23.Ng2+  1-0

[Event "Belgrade Individual 2011"]
[Site "Belgrade SRB"]
[Date "2011.01.26"]
[Round "5.5"]
[White "Popovic,AM"]
[Black "Lajthajm,B"]
[Result "1/2-1/2"]
[WhiteElo "2299"]
[BlackElo "2477"]

1.e4 c5 2.Nf3 Nc6 3.d4 cxd4 4.Nxd4 Nf6 5.Nc3 d6 6.Bg5 Qb6 7.Nb3 e6 8.Qd2 a6
9.O-O-O Be7 10.Bxf6 Bxf6 11.f4 O-O 12.g4 Qb4 13.a3 Bxc3 14.axb4 Bxd2+ 15.Rxd2 d5
16.exd5 exd5 17.f5 a5 18.bxa5 Nxa5 19.Bg2 h5 20.h3 Nxb3+ 21.cxb3 hxg4 22.hxg4 g6
23.Rxd5 Ra6 24.Rhd1 gxf5 25.gxf5 Re8  1/2-1/2

[Event "3rd Chennai Open"]
[Site "Chennai IND"]
[Date "2011.01.26"]
[Round "11"]
[White "Kravtsiv,M"]
[Black "Greenfeld,A"]
[Result "1-0"]
[WhiteElo "2566"]
[BlackElo "2557"]

1.e4 c5 2.Nf3 d6 3.d4 cxd4 4.Nxd4 Nf6 5.Nc3 Nc6 6.Bg5 e6 7.Qd2 Qb6 8.Bxf6 gxf6
9.Nb3 Bd7 10.O-O-O O-O-O 11.f4 h5 12.Kb1 Kb8 13.Be2 Qf2 14.Rhg1 Be7 15.Rdf1 Qb6
16.h4 Na5 17.Qd1 Rc8 18.Qd4 Qxd4 19.Nxd4 Nc4 20.Rd1 a6 21.Bf3 Bd8 22.Rd3 b5
23.Nce2 Bb6 24.Rh1 f5 25.Ng3 Rcg8 26.Nde2 Bf2 27.Rh3 Bc6 28.exf5 Bxf3 29.gxf3 d5
30.a3 Kb7 31.fxe6 fxe6 32.f5 exf5 33.Nxf5 Rf8 34.Ne7 Re8 35.Ng6 Rhg8 36.Ngf4 d4
37.Rh2 Be3 38.Nxh5 Rh8 39.Ng7 Reg8 40.Nf5 Ne5 41.Rd1 Nxf3 42.Rh3 Nd2+ 43.Ka2 Ne4
44.Rf3 Nd2 45.Rh3 Ne4 46.Rf1 Nd2 47.Rfh1 Rg4 48.h5 Nc4 49.b3 Nb6 50.Nxe3 dxe3
51.Rxe3 Rh6 52.Re7+ Kc6 53.Ra7 Rg2 54.Nd4+ Kc5 55.Nf5 Rc6 56.b4+ Kd5 57.Ne3+ Kd4
58.Nxg2 Rxc2+ 59.Kb1 Rxg2 60.h6  1-0

[Event "Belgrade Individual 2011"]
[Site "Belgrade SRB"]
[Date "2011.01.28"]
[Round "7.19"]
[White "Tasev,D"]
[Black "Klasan,V"]
[Result "0-1"]
[WhiteElo "2155"]
[BlackElo "2365"]

1.e4 c5 2.Nf3 d6 3.d4 cxd4 4.Nxd4 Nf6 5.Nc3 Nc6 6.Bg5 e6 7.Qd2 a6 8.O-O-O h6
9.Nxc6 bxc6 10.Bxf6 Qxf6 11.Bc4 Qd8 12.f4 Be7 13.Bb3 O-O 14.Rhf1 Rb8 15.Kb1 d5
16.Qe2 a5 17.f5 Qb6 18.Na4 Qb5 19.c4 dxc4 20.Qxc4 exf5 21.Qc2 Be6 22.exf5 Bxb3
23.axb3 Qxb3 24.Rf3 Qb4 25.Re3 Bf6 26.Re4 Qb5 27.Rc4 Qe5 28.h3 Rb5 29.Rc5 Rxc5
30.Qxc5 Qe4+ 31.Qc2 Re8 32.g4 Qf3 33.Rd3 Re1+ 34.Ka2 Qf1 35.Nc3 Ra1+ 36.Kb3 Qf4
37.Qe2 Qb4+ 38.Kc2 Kh7 39.Qe8 Bxc3 40.Rxc3 Qa4+ 41.Rb3 Qc4+ 42.Rc3 Qf1 43.Qd7 a4  0-1

[Event "Frauenbundesliga 1st Div 2010-11"]
[Site "Germany GER"]
[Date "2011.01.30"]
[Round "7.2"]
[White "Kochetkova,J"]
[Black "Madl,I"]
[Result "1/2-1/2"]
[WhiteElo "2311"]
[BlackElo "2400"]

1.e4 c5 2.Nf3 d6 3.d4 cxd4 4.Nxd4 Nf6 5.Nc3 Nc6 6.Bg5 e6 7.Qd2 Be7 8.O-O-O O-O
9.f4 h6 10.Bh4 Nxd4 11.Qxd4 Qa5 12.Kb1 e5 13.Qd2 Nxe4 14.Nxe4 Qxd2 15.Rxd2 Bxh4
16.g3 Be7 17.Nxd6 exf4 18.Nxc8 Raxc8 19.gxf4 Rfd8 20.Bd3  1/2-1/2

[Event "Moscow Open E"]
[Site "Moscow RUS"]
[Date "2011.01.30"]
[Round "2"]
[White "Chernyuk,Mikhail"]
[Black "Kryakvin,D"]
[Result "1/2-1/2"]
[WhiteElo "2240"]
[BlackElo "2586"]

1.e4 c5 2.Nf3 Nc6 3.d4 cxd4 4.Nxd4 Nf6 5.Nc3 d6 6.Bg5 e6 7.Qd2 Be7 8.O-O-O O-O
9.f3 Nxd4 10.Qxd4 a6 11.h4 b5 12.Kb1 Bb7 13.a3 Rc8 14.Qd2 Rc6 15.Ne2 Nd7
16.Nd4 Rc8 17.Bxe7 Qxe7 18.Nb3 d5 19.f4 Nb6 20.e5 Nc4 21.Qb4 Qc7 22.Nd4 Qb6
23.Rh3 Rc5 24.Nb3 Rc7 25.Nd4 Rfc8 26.Ka2 h6 27.g4 a5 28.Qxb5 Qa7 29.Qb3 Ba6
30.Qf3 Qb6 31.Bxc4 Bxc4+ 32.Ka1 Rb8 33.b3 a4 34.b4 Rbc8 35.Qf2 Ba6 36.Qd2 Rc4
37.Kb2 Qc7 38.c3 Qe7 39.h5 Kh8 40.Rg1 f6 41.Re1 Rf8 42.exf6 Qxf6 43.Nxe6 Re8
44.Nd4 Re4 45.g5 hxg5 46.Rxe4 dxe4 47.fxg5 Qf1 48.Rh2 Rc8 49.h6 Bd3 50.Nc2 Qf7
51.hxg7+ Kxg7 52.Nd4 Qf1 53.Nc2 Qf7 54.Nd4 Be2  1/2-1/2

[Event "Gibraltar Masters"]
[Site "Caleta ENG"]
[Date "2011.02.03"]
[Round "10.6"]
[White "Gopal,G"]
[Black "Melia,S"]
[Result "1/2-1/2"]
[WhiteElo "2597"]
[BlackElo "2449"]

1.e4 c5 2.Nf3 d6 3.d4 cxd4 4.Nxd4 Nf6 5.Nc3 Nc6 6.Bg5 e6 7.Qd2 Be7 8.O-O-O Nxd4
9.Qxd4 O-O 10.f4 Qa5 11.Bc4 Rd8 12.e5 dxe5 13.Qxe5 Qb4 14.Bb3 Bd7 15.f5 Ng4
16.Bxe7 Qxe7 17.Qf4 exf5 18.Rhe1 Qh4 19.Re2 Bc6 20.Qxf5 Rxd1+ 21.Nxd1 Nf6
22.g3 Qh6+ 23.Kb1 Rd8 24.Nc3 Re8 25.Qf2 Qh3 26.Rd2 a6 27.a3 h6 28.Ka2 Qh5
29.Qf1 Qc5 30.Rf2 Qd4 31.Rf4 Qe5 32.g4 Re7 33.h3  1/2-1/2

[Event "Gibraltar Masters"]
[Site "Caleta ENG"]
[Date "2011.02.03"]
[Round "10.81"]
[White "Carlsten,P"]
[Black "Shepherd,M"]
[Result "0-1"]
[WhiteElo "2110"]
[BlackElo "1999"]

1.e4 c5 2.Nf3 Nc6 3.d4 cxd4 4.Nxd4 Nf6 5.Nc3 d6 6.Bg5 Bd7 7.Nb3 a6 8.Qd2 e6
9.f3 b5 10.Be3 Qc7 11.Qf2 Rb8 12.Bd3 Ne5 13.O-O Be7 14.a4 b4 15.Nb1 a5 16.h3 O-O
17.f4 Nc4 18.Bc1 d5 19.e5 Ne4 20.Bxe4 dxe4 21.Qe1 Bc8 22.Qxe4 Bb7 23.Qe2 Rfd8
24.c3 bxc3 25.Nxc3 Qb6+  0-1

[Event "Gibraltar Masters"]
[Site "Caleta ENG"]
[Date "2011.02.03"]
[Round "10.82"]
[White "Garcia de Lomas Guerrero,C"]
[Black "Freuler,R"]
[Result "0-1"]
[WhiteElo "1940"]
[BlackElo "2092"]

1.e4 c5 2.Nf3 Nc6 3.d4 cxd4 4.Nxd4 Nf6 5.Nc3 d6 6.Bg5 e6 7.f4 Be7 8.Qd2 Qb6
9.Nxc6 bxc6 10.e5 dxe5 11.fxe5 Nd5 12.Nxd5 cxd5 13.Bd3 Qxb2 14.O-O Bxg5 15.Qxg5 O-O
16.Rae1 Ba6 17.Bxa6 Qb6+ 18.Kh1 Qxa6 19.Rf3 h6 20.Qh5 Qxa2 21.Rg3 Kh7 22.Rf1 Qxc2
23.h3 Rab8 24.Rxf7 Rxf7 25.Qxf7 Rg8 26.Qxe6 Qe4 27.Qd6 Re8 28.Qd7 Qe1+ 29.Kh2 Qxe5
30.Qxa7 Re6 31.Qf7 Rc6 32.Qf3 Rg6 33.Qd3 Qxg3+ 34.Qxg3 Rxg3 35.Kxg3 Kg6 36.Kf3 Kf5
37.Ke3 Ke5 38.Kd3 d4 39.Kd2 Ke4 40.Ke2 g5 41.g3 h5 42.g4 h4 43.Kd2 d3 44.Kd1 Kf3
45.Kd2 Kg3  0-1

[Event "ch-CRO w"]
[Site "Topusko CRO"]
[Date "2011.02.03"]
[Round "6.4"]
[White "Purgar,I"]
[Black "Solic,K"]
[Result "0-1"]
[WhiteElo "2151"]
[BlackElo "2243"]

1.e4 c5 2.Nf3 d6 3.d4 cxd4 4.Nxd4 Nf6 5.Nc3 Nc6 6.Bg5 e6 7.Qd2 h6 8.Bxf6 gxf6
9.O-O-O a6 10.f4 Bd7 11.Kb1 Qb6 12.Nf3 O-O-O 13.Bc4 Kb8 14.Rhe1 Na5 15.Bb3 Nxb3
16.axb3 Be7 17.Re3 Rhg8 18.Rd3 Bc6 19.Nd4 Qc7 20.Rh3 f5 21.exf5 Bxg2 22.Rxh6 e5
23.Nde2 d5 24.f6 Bc5 25.Rh5 exf4 26.Nxd5 Qd6 27.Qc3 f3 28.Ng3 f2 29.Ne3 Qxd1+
30.Nxd1 Rxd1+ 31.Ka2 Bd6 32.Rf5 Bxg3 33.hxg3 f1=Q 34.Rxf1 Rxf1 35.Qe5+ Ka8
36.g4 Bc6 37.g5 Rg1 38.Qe7 R1xg5 39.b4 Bd5+ 40.b3 Rg2 41.Kb2 Rc8 42.b5 Rgxc2+
43.Ka3 R2c3 44.Ka4 Rxb3 45.bxa6 Rc4+ 46.Kxb3 Re4+ 47.Kc3 Rxe7 48.fxe7 Bc6
49.axb7+ Kxb7 50.Kd4 Kc7 51.Ke5 Be8  0-1

[Event "Moscow Open E"]
[Site "Moscow RUS"]
[Date "2011.02.05"]
[Round "8"]
[White "Pugachov,A"]
[Black "Chernyshov,K"]
[Result "1/2-1/2"]
[WhiteElo "2470"]
[BlackElo "2597"]

1.e4 c5 2.Nf3 Nc6 3.d4 cxd4 4.Nxd4 Nf6 5.Nc3 d6 6.Bg5 Bd7 7.Qd2 Rc8 8.Nxc6 Bxc6
9.f3 a6 10.O-O-O e6 11.h4 Be7 12.g4 h6 13.Be3 b5 14.Qg2 Nd7 15.Bd3 Qa5 16.Kb1 b4
17.Ne2 Nc5 18.Nd4 Nxd3 19.cxd3 Kd7 20.f4 Ba4 21.Rc1 Rxc1+ 22.Rxc1 Rc8 23.Rxc8 Kxc8
24.g5 hxg5 25.hxg5 g6 26.Qh3 Bb5 27.Bc1 Qb6 28.Nxb5 Qxb5 29.b3 Kd7 30.Bb2 d5
31.Qf3 a5 32.Bd4 Bd6 33.e5 Bc5 34.Qe3 Bxd4 35.Qxd4 Kc6 36.Kc2 Qb7 37.Kd2 Qe7
38.Ke3 Kb5 39.Kd2 Qc7 40.Qb2 Qc8 41.Qc1 Qh8 42.Qc7 Qh2+ 43.Kd1 Qg1+ 44.Kd2 Qf2+
45.Kd1 Qf1+ 46.Kc2 Qe2+ 47.Kc1 Qe3+ 48.Kc2 Qf2+ 49.Kd1 Qxf4 50.Qb7+ Kc5 51.Qa7+ Kc6
52.Qa6+ Kd7 53.Qb7+ Ke8 54.Qb8+ Ke7 55.Qd6+  1/2-1/2

[Event "33rd Bulgarian Open"]
[Site "Plovdiv BUL"]
[Date "2011.02.05"]
[Round "8.16"]
[White "Nedev,Tr"]
[Black "Mishev,L"]
[Result "0-1"]
[WhiteElo "2490"]
[BlackElo "2188"]

1.e4 c5 2.Nf3 d6 3.d4 cxd4 4.Nxd4 Nf6 5.Nc3 Nc6 6.Bg5 e6 7.Qd2 a6 8.O-O-O Bd7
9.f3 b5 10.Nxc6 Bxc6 11.Ne2 h6 12.Be3 Qc7 13.Kb1 Be7 14.Nd4 Bb7 15.g4 Rc8
16.Bd3 Nd7 17.h4 Ne5 18.g5 h5 19.g6 Nxg6 20.f4 Bf6 21.Bxb5+ Kf8 22.Bd3 Nxf4
23.Rhf1 Nxd3 24.cxd3 Kg8 25.Qg2 Qe7 26.Bg5 Bxg5 27.hxg5 Rc5 28.Nf3 g6 29.Rc1 Rxc1+
30.Rxc1 Kh7 31.Qd2 e5 32.Qb4 Rc8 33.Rf1 Rc5 34.Nd2 Rb5 35.Qa3 Kg8 36.Rf6 Rc5
37.Nc4 Bxe4 38.Nxd6 Qc7 39.b4 Rc3 40.Qxc3 Qxc3 41.dxe4 Qxb4+ 42.Kc2 Qa4+
43.Kb2 Qb4+ 44.Kc2 Qc5+ 45.Kd3 Qd4+ 46.Ke2 Qb2+ 47.Kf3 Qa3+ 48.Kg2 Qxa2+
49.Kg3 Qa3+ 50.Kh4 Qa2 51.Kg3 a5  0-1

[Event "1st Open"]
[Site "Cento ITA"]
[Date "2011.02.06"]
[Round "2"]
[White "Vesce,Emanuele"]
[Black "Frigieri,F"]
[Result "0-1"]
[WhiteElo "1875"]
[BlackElo "2161"]

1.e4 c5 2.Nf3 Nc6 3.d4 cxd4 4.Nxd4 Nf6 5.Nc3 d6 6.Bg5 e6 7.Qd2 a6 8.O-O-O h6
9.Nxc6 bxc6 10.Bf4 d5 11.Qe3 Qa5 12.Be2 Bb4 13.Be5 Be7 14.Qg3 O-O 15.h4 Ra7
16.h5 Rb7 17.Rh4 Kh8 18.exd5 exd5 19.Rf4 Ne8 20.Rfd4 Be6 21.Bg4 c5 22.Ra4 Qb6
23.Nxd5 Bxd5 24.Rxd5 Qc6 25.Bd7 Qxd5 26.Bxe8 Bg5+ 27.f4 Rxe8 28.Bc3 Bf6 29.Rxa6 Bxc3
30.Qxc3 Qxg2 31.Rxh6+ Kg8 32.Rd6 Qf1+ 33.Rd1 Qxf4+ 34.Kb1 Qb4  0-1

[Event "33rd Bulgarian Open"]
[Site "Plovdiv BUL"]
[Date "2011.02.06"]
[Round "9.15"]
[White "Stoinev,M"]
[Black "Nikolov,Sas"]
[Result "0-1"]
[WhiteElo "2278"]
[BlackElo "2440"]

1.e4 c5 2.Nf3 d6 3.d4 cxd4 4.Nxd4 Nf6 5.Nc3 Nc6 6.Bg5 e6 7.Qd2 a6 8.O-O-O Bd7
9.Nb3 b5 10.a3 Qb6 11.f4 Rd8 12.Be2 Be7 13.Rhe1 O-O 14.Bf3 b4 15.axb4 Nxb4
16.Qe3 Qxe3+ 17.Rxe3 e5 18.Na5 h6 19.Bxf6 Bxf6 20.g3 exf4 21.gxf4 g5 22.Rxd6 gxf4
23.Re2 Be6 24.Rb6 Rb8 25.Nb7 a5 26.e5 Bg7 27.Rd6 Rfc8 28.Rd1 Rc7 29.Nd6 Rc5
30.Rde1 a4 31.Nxa4 Nd3+ 32.Kb1 Nxe1 33.Nxc5 Nxf3 34.Nd3 Rb6 35.c4 Nxe5 36.c5 Rxd6
37.cxd6 Bf5 38.Ka1 Bxd3  0-1

[Event "1st Open"]
[Site "Cento ITA"]
[Date "2011.02.07"]
[Round "3"]
[White "Frigieri,F"]
[Black "Bove,A"]
[Result "0-1"]
[WhiteElo "2161"]
[BlackElo "2365"]

1.e4 c5 2.Nf3 Nc6 3.d4 cxd4 4.Nxd4 Nf6 5.Nc3 d6 6.Bg5 e6 7.Qd2 a6 8.O-O-O Bd7
9.f3 b5 10.Nxc6 Bxc6 11.Qe1 Be7 12.e5 Nd5 13.Bxe7 Qxe7 14.Nxd5 Bxd5 15.Qg3 O-O
16.exd6 Qf6 17.Kb1 Rfd8 18.Bd3 Rac8 19.Be4 Bxe4 20.fxe4 e5 21.Rd5 Rxd6 22.Rhd1 Rcd8
23.b3 Qe6 24.Qc3 g6 25.Qc5 Rxd5 26.Rxd5 Rc8 27.Qd6 Qg4 28.Qxa6 Kg7 29.Qd6 Qxg2
30.Qxe5+ Kg8 31.Qb2 b4 32.Qc1 Qxe4 33.Qd2 Qe7 34.Rd6 Qa7 35.Kb2 Qa3+ 36.Kb1 Qa7
37.Kb2 Qc7 38.Rd7 Qe5+ 39.Kb1 Qc5 40.Rd4 Qc3 41.Qxc3 bxc3 42.a4 f5 43.Kc1 Kf7
44.Rd7+ Kf6 45.Rxh7 f4 46.Rd7 g5 47.Rd3 g4 48.a5 f3 49.b4 f2 50.Rd1 Re8  0-1

[Event "TCh-CAT Div Hon"]
[Site "Barcelona ESP"]
[Date "2011.02.12"]
[Round "3"]
[White "Oms Fuentes,L"]
[Black "Baches Garcia,G"]
[Result "1/2-1/2"]
[WhiteElo "2341"]
[BlackElo "2379"]

1.e4 c5 2.Nf3 d6 3.d4 cxd4 4.Nxd4 Nf6 5.Nc3 Nc6 6.Bg5 e6 7.Qd2 h6 8.Bxf6 gxf6
9.O-O-O a6 10.Be2 h5 11.f4 Bd7 12.g3 Qb6 13.Nb3 O-O-O 14.h4 Kb8 15.Bf3 Ne5
16.Be2 Rc8 17.Qd4 Qxd4 18.Rxd4 Nc6 19.Rd3 Be7 20.a3 Rcg8 21.Kb1 Be8 22.Rhd1 Rh7
23.Nd2 b5  1/2-1/2

[Event "TCh-FIN 2010-11"]
[Site "Espoo FIN"]
[Date "2011.02.12"]
[Round "6.3"]
[White "Kokkila,T"]
[Black "Nieminen,K"]
[Result "1-0"]
[WhiteElo "2327"]
[BlackElo "2180"]

1.e4 c5 2.Nf3 d6 3.d4 cxd4 4.Nxd4 Nf6 5.Nc3 Nc6 6.Bg5 e6 7.Qd2 Be7 8.O-O-O O-O
9.h4 Nxd4 10.Qxd4 h6 11.e5 dxe5 12.Qxe5 Nd7 13.Bxe7 Qxe7 14.Qc7 Qd8 15.Qf4 Qa5
16.Rh3 Nf6 17.Re3 Bd7 18.g4 Bc6 19.g5 hxg5 20.hxg5 Nd5 21.Nxd5 Bxd5 22.c4 Rfc8
23.Kb1 Bc6 24.Bd3 Rd8 25.Qh4 g6 26.Qf4 Qc5 27.Rde1 Rd4 28.Qf6 Rxd3 29.Rxd3 Qf5
30.Qxf5 gxf5 31.Kc1 Kg7 32.b4 Rh8 33.f3 Rh3 34.b5 Bxf3 35.c5 Rh1 36.Rxh1 Bxh1
37.Rc3 Kg6 38.c6 bxc6 39.bxc6 Kxg5 40.c7 Bb7 41.c8=Q Bxc8 42.Rxc8 f4 43.Kd2 e5
44.Rc5 f6 45.Ra5 Kg4 46.Rxa7  1-0

[Event "TCh-NED"]
[Site "Netherlands NED"]
[Date "2011.02.12"]
[Round "6.9"]
[White "Sprangers,R"]
[Black "Riemens,A"]
[Result "1-0"]
[WhiteElo "2198"]
[BlackElo "2158"]

1.e4 c5 2.Nf3 d6 3.d4 cxd4 4.Nxd4 Nf6 5.Nc3 Nc6 6.Bg5 g6 7.Nb3 Bg7 8.Be2 a5
9.a4 Be6 10.Qd2 Nb4 11.O-O Bxb3 12.cxb3 O-O 13.Bh6 Nd7 14.Bxg7 Kxg7 15.f4 Nc5
16.Bc4 Nxe4 17.Nxe4 d5 18.Qd4+ Kg8 19.Rad1 dxc4 20.Qe3 Qc7 21.f5 Ra6 22.f6 exf6
23.Nxf6+ Rxf6 24.Rxf6 cxb3 25.Qxb3 Qe5 26.Qf3 Qxb2 27.Rd7 Qa1+ 28.Kf2 Qb2+
29.Kg3 Qe5+ 30.Qf4 Qe8 31.Rxb7 Nd5 32.Qd6 Nxf6 33.Qxf6 Qe3+ 34.Qf3 Qe5+ 35.Kh3 Qe6+
36.Kh4 Rc8 37.g4 Rc4 38.h3 Rxa4 39.Kg5 h6+ 40.Kxh6  1-0

[Event "ch-ROU Women"]
[Site "Sarata Monteoru ROU"]
[Date "2011.02.12"]
[Round "1.9"]
[White "Vasilescu,M"]
[Black "Mosnegutu,M"]
[Result "1/2-1/2"]
[WhiteElo "1784"]
[BlackElo "2178"]

1.e4 c5 2.Nf3 d6 3.d4 cxd4 4.Nxd4 Nf6 5.Nc3 Nc6 6.Bg5 Qa5 7.Bxf6 gxf6 8.Qd2 a6
9.Nd5 Qd8 10.O-O-O e6 11.Ne3 Bd7 12.Nc4 Ne5 13.f4 Nxc4 14.Bxc4 Qc7 15.Bb3 Bh6
16.Rhf1 O-O-O 17.Rf3 Kb8 18.Kb1 Qb6 19.Rh3 Bxf4 20.Qxf4 e5 21.Qxf6 Bxh3 22.gxh3 exd4
23.Rxd4 Rhg8 24.a3 Rg6 25.Qf2 Rh6 26.Qd2 Rxh3 27.Rb4 Qg1+ 28.Ka2 Qc5 29.Bxf7 a5
30.Rb3 Rxb3 31.Bxb3 Rc8 32.c3 Rc7 33.Bd5 Re7 34.Qf4 Ka7 35.Qf6 Qc7 36.h4 Re5
37.Qf2+ Kb8 38.Qf8+ Ka7 39.Qf2+ Kb8 40.Qf8+ Ka7 41.Qf2+ Qb6 42.Qf7 h5 43.Kb1 Qb5
44.Ka2  1/2-1/2

[Event "TCh-FIN 2010-11"]
[Site "Tampere FIN"]
[Date "2011.02.12"]
[Round "6.1"]
[White "Kulaots,K"]
[Black "Veingold,A"]
[Result "1/2-1/2"]
[WhiteElo "2592"]
[BlackElo "2474"]

1.e4 c5 2.Nf3 d6 3.d4 cxd4 4.Nxd4 Nf6 5.Nc3 Nc6 6.Bg5 e6 7.Qd2 a6 8.O-O-O Bd7
9.f4 b5 10.Bxf6 gxf6 11.Kb1 Qb6 12.Nce2 Rc8 13.g3 h5 14.Bg2 Na5 15.b3 Nb7
16.Rhe1 Rc7 17.Nc3 Be7 18.Qe3 Qc5 19.Nd5 exd5 20.exd5 Bg4 21.Rd3 O-O 22.f5 Rfc8
23.c3 Bf8 24.Qf4 Qa3 25.h3 Rxc3 26.Rxc3 Rxc3 27.hxg4 Nc5 28.Bf1 Nd3 29.Bxd3 Rxd3
30.Nc2 Qc5 31.g5 Rxd5 32.Ne3 Rd4 33.Qf3 Qc3 34.Rc1 Qd3+ 35.Kb2 d5 36.Rd1 Qe4
37.Qxe4 Rxe4 38.Nxd5 Re2+ 39.Kc3 fxg5 40.Nf6+ Kg7 41.Nxh5+ Kg8 42.Rd8 Rxa2
43.g4 b4+ 44.Kd3 Rb2 45.Nf6+ Kg7 46.Nh5+ Kg8 47.Nf6+ Kg7 48.Nh5+ Kg8 49.Nf6+  1/2-1/2

[Event "ch-ROU Men"]
[Site "Sarata Monteoru ROU"]
[Date "2011.02.14"]
[Round "3.14"]
[White "Berescu,A"]
[Black "Malureanu,C"]
[Result "1/2-1/2"]
[WhiteElo "2476"]
[BlackElo "2138"]

1.e4 c5 2.Nf3 Nc6 3.d4 cxd4 4.Nxd4 Nf6 5.Nc3 d6 6.Bg5 e6 7.Qd2 a6 8.O-O-O Bd7
9.f4 h6 10.Bh4 b5 11.Bxf6 Qxf6 12.Nf3 Qd8 13.g4 Be7 14.h4 Qa5 15.Kb1 O-O-O
16.Bg2 Bf6 17.Ne2 Qxd2 18.Rxd2 Kc7 19.Rhd1 Bc8 20.g5 hxg5 21.hxg5 Be7 22.Ng3  1/2-1/2

[Event "TCh-CAT Div Hon"]
[Site "Barcelona ESP"]
[Date "2011.02.15"]
[Round "3"]
[White "Mestre Bellido,H"]
[Black "Pitl,G"]
[Result "1/2-1/2"]
[WhiteElo "2379"]
[BlackElo "2376"]

1.e4 c5 2.Nf3 d6 3.d4 cxd4 4.Nxd4 Nf6 5.Nc3 Nc6 6.Bg5 e6 7.Qd2 a6 8.O-O-O Bd7
9.f4 h6 10.Bh4 g5 11.fxg5 Ng4 12.Nxc6 Bxc6 13.Qf4 hxg5 14.Bxg5 Qxg5 15.Qxg5 Bh6
16.Qxh6 Rxh6 17.Rxd6 Nf2 18.Rg1 Rxh2 19.g3 Ke7 20.Rd2 Rg8 21.Bd3 Rh1 22.Rxh1 Nxh1
23.Rh2 Nxg3 24.Kd2 Kd6 25.Rh7 f6 26.Ke3 Ke5 27.Rh3 f5 28.exf5 Nxf5+ 29.Kd2 Ng3
30.Ke3 Nf5+ 31.Kd2 Ng3  1/2-1/2